[Event "Toronto op"]
[Site "Toronto"]
[Date "1995.??.??"]
[Round "5"]
[White "Nickoloff, Bryon"]
[Black "Peckford, William"]
[Result "1/2-1/2"]
[WhiteElo "2420"]
[BlackElo "2280"]

1.d4 Nf6 2.c4 g6 3.Nc3 Bg7 4.e4 d6 5.Be2 O-O 6.Nf3 e5 7.Be3 Ng4 8.Bg5 f6
9.Bh4 Qe8 10.c5 Nh6 11.cxd6 cxd6 12.Nb5 Qe7 13.Rc1 Na6 14.dxe5 dxe5 15.Qd6 Qxd6
16.Nxd6 Rd8 17.Bc4+ Kf8 18.Nxc8 Raxc8 19.Ke2 g5 20.Bg3 Nf7 21.Be6 Rc7 22.Rxc7 Nxc7
23.Bf5 h6 24.Rc1 Na6 25.Nd2 Nd6 26.Be6 Ke7 27.Bd5 Nb4 28.Rc7+ Rd7 29.Rxd7+ Kxd7
30.Bb3 Bf8 31.f3 Nc6 32.Bf2 a6 33.Bd5 Be7 34.Nb3 Kc7 35.a3 b6 36.Kd3 Nd8
37.Nd2 N8b7 38.b4 a5 39.Kc3 Nb5+ 40.Kb3  1/2-1/2

[Event "Trelew Clarin-GP"]
[Site "Trelew"]
[Date "1995.??.??"]
[Round "6"]
[White "Panno, Oscar"]
[Black "Ricardi, Pablo"]
[Result "1/2-1/2"]
[WhiteElo "2510"]
[BlackElo "2545"]

1.c4 Nf6 2.Nc3 g6 3.e4 d6 4.d4 Bg7 5.Be2 O-O 6.Nf3 e5 7.Be3 Qe8 8.dxe5 Ng4
9.Bg5 h6 10.Bh4 Nxe5 11.O-O Nxf3+ 12.Bxf3 Na6 13.Rc1 Kh8 14.Re1 Qe5 15.Qd2 Be6
16.b3 Qa5 17.Bg3 Kh7 18.Red1 Be5 19.Bf4 Bxf4 20.Qxf4 Qe5 21.Qd2 Rfd8 22.g3 c6
23.Bg2 Nc7 24.f4 Qh5 25.Qf2 Bh3 26.Rd3 Bxg2 27.Kxg2 b5 28.Qf3 Qxf3+ 29.Kxf3 bxc4
30.bxc4 Rab8 31.Rcd1 Ne6 32.f5 gxf5 33.exf5 Ng5+ 34.Kg2 Rb2+ 35.R1d2 Rxd2+
36.Rxd2 Kg7 37.g4  1/2-1/2

[Event "Trelew Clarin-GP"]
[Site "Trelew"]
[Date "1995.??.??"]
[Round "6"]
[White "Monier, Raul"]
[Black "Casafus, Ruben"]
[Result "1-0"]
[WhiteElo "2405"]
[BlackElo "2390"]

1.d4 Nf6 2.c4 g6 3.Nc3 Bg7 4.e4 d6 5.Nf3 O-O 6.Be2 Nbd7 7.O-O e5 8.Qc2 c6
9.Rd1 exd4 10.Nxd4 Re8 11.Bg5 Qe7 12.f3 Qe5 13.Qd2 a5 14.Bf4 Qc5 15.Kh1 Bf8
16.Rac1 a4 17.b3 Nb6 18.Nc2 Re6 19.b4 Qh5 20.g4 Qh3 21.Nd4 Re5 22.Bf1 Qh4
23.Bg3 Qh6 24.g5 Qxg5 25.f4 Qh5 26.fxe5 dxe5 27.Nc2 Bg4 28.Qd3 Bf3+ 29.Bg2 Bxd1
30.Rxd1 Nbd7 31.a3 Be7 32.Qf3 Qg5 33.Ne3 h5 34.h4 Qh6 35.Bh3  1-0

[Event "Trelew Clarin-GP"]
[Site "Trelew"]
[Date "1995.??.??"]
[Round "6"]
[White "Amura, Claudia Noemi"]
[Black "Fiorito, Fabian"]
[Result "0-1"]
[WhiteElo "2330"]
[BlackElo "2450"]

1.d4 Nf6 2.c4 d6 3.Nc3 Nbd7 4.e4 e5 5.Nf3 g6 6.Be2 Bg7 7.O-O O-O 8.Qc2 c6
9.Rd1 Qe7 10.Rb1 exd4 11.Nxd4 Nc5 12.f3 Nh5 13.Be3 f5 14.b4 Ne6 15.b5 Be5
16.Bf1 Qh4 17.g3 Qf6 18.Nxe6 Bxe6 19.Ne2 f4 20.gxf4 Nxf4 21.Nxf4 Bxf4 22.Bxf4 Qxf4
23.bxc6 bxc6 24.Qd2 Qxf3 25.Bg2 Qg4 26.Qxd6 Bxc4 27.Qxc6 Rac8 28.Qd7 Rf1+
29.Rxf1 Qxd7 30.Rf2 Qd4  0-1

[Event "Trelew Clarin-GP"]
[Site "Trelew"]
[Date "1995.??.??"]
[Round "8"]
[White "Quiroga, Facundo"]
[Black "Garcia, Raimundo"]
[Result "0-1"]
[WhiteElo "2430"]
[BlackElo "2395"]

1.d4 Nf6 2.c4 g6 3.Nc3 Bg7 4.e4 d6 5.Nf3 O-O 6.Be2 e5 7.O-O exd4 8.Nxd4 Re8
9.f3 Nh5 10.f4 Nf6 11.Bf3 Nbd7 12.Re1 c6 13.Be3 d5 14.Bf2 Bf8 15.Qc2 Qc7
16.Rad1 Nc5 17.Kh1 Bg4 18.Bxg4 Nxg4 19.Bg3 a5 20.h3 Nf6 21.Bh2  0-1

[Event "SVK-ch"]
[Site "Trencin"]
[Date "1995.??.??"]
[Round "5"]
[White "Kebis, Milos"]
[Black "Manik, Mikulas"]
[Result "1/2-1/2"]
[WhiteElo "2150"]
[BlackElo "2380"]

1.d4 Nf6 2.c4 g6 3.Nc3 Bg7 4.Nf3 d6 5.e4 O-O 6.Be2 e5 7.Bg5 exd4 8.Nxd4 h6
9.Be3 Re8 10.f3 Nc6 11.O-O Nh5 12.f4 Nf6 13.Bf3 Ng4 14.Bxg4 Bxg4 15.Qxg4 Nxd4
16.Bf2 h5 17.Qd1 Nc6 18.Qd3 Qd7 19.Rad1 Qg4 20.Nd5 Rac8 21.b4 Ne7 22.h3 Qd7
23.Nc3 Qe6 24.Bh4 Nc6 25.f5 Qe5 26.f6 Nxb4 27.Qe3 Bh8 28.a3 Nc2 29.Qd2 Nxa3
30.Rf5 Nxc4 31.Rxe5 Nxd2 32.Rxe8+ Rxe8 33.Rxd2 Re6 34.e5 Rxe5 35.Nd5 g5 36.Bg3 Re4
37.Kf2 Kh7 38.Nxc7 Bxf6 39.Bxd6 Kg6 40.Nd5 Bd8 41.Bb8 a5 42.Kf3 Re8 43.Rb2 b6
44.Bc7 Bxc7 45.Nxc7 Rb8 46.Na6 Rc8 47.Rxb6+ f6 48.Rb5 Rc3+ 49.Kf2 a4 50.Ra5 a3
51.Nb4 f5 52.Ra6+ Kf7 53.Kg1 g4 54.hxg4 fxg4 55.Nd5 Rd3 56.Nb4 Rb3 57.Nd5 h4
58.Kh2  1/2-1/2

[Event "Tula"]
[Site "Tula"]
[Date "1995.??.??"]
[Round "?"]
[White "Shestoperov, Aleksej"]
[Black "Newerovski, Gennadi"]
[Result "1-0"]
[WhiteElo "2445"]
[BlackElo "2380"]

1.d4 g6 2.Nf3 Bg7 3.c4 d6 4.Nc3 Nf6 5.e4 O-O 6.Be2 e5 7.d5 Nbd7 8.Bg5 h6
9.Bh4 g5 10.Bg3 Nh5 11.h4 g4 12.Nh2 Nxg3 13.fxg3 h5 14.O-O a5 15.Rf5 Nf6
16.Rf2 c6 17.Bd3 cxd5 18.cxd5 Bh6 19.Qe2 Ne8 20.Nf1 Qb6 21.Kh2 f6 22.Nd1 Ng7
23.Nfe3 Qc5 24.a4 Bd7 25.Bb5 Bc8 26.Ra3 f5 27.Rc3 Qb6 28.exf5 Bxf5 29.Nxf5 Rxf5
30.Rxf5 Nxf5 31.Qe4 Rf8 32.Rc8 Rxc8 33.Qxf5 Rc1 34.Qg6+ Bg7 35.Qe6+ Kh8 36.Qe8+  1-0

[Event "Oberschwaben-ch"]
[Site "Ulm"]
[Date "1995.??.??"]
[Round "2"]
[White "Gebhardt, Ulrich"]
[Black "Oettel, Andreas"]
[Result "1/2-1/2"]
[WhiteElo "2235"]
[BlackElo "2200"]

1.d4 Nf6 2.c4 g6 3.Nc3 Bg7 4.e4 d6 5.Nf3 O-O 6.Be2 e5 7.d5 a5 8.Bg5 h6 9.Bh4 g5
10.Bg3 Nh5 11.h4 Nxg3 12.fxg3 g4 13.Nh2 h5 14.O-O f5 15.exf5 Bxf5 16.Bd3 Bxd3
17.Qxd3 Nd7 18.Ne4 Nc5 19.Nxc5 dxc5  1/2-1/2

[Event "Velden op"]
[Site "Velden"]
[Date "1995.??.??"]
[Round "3"]
[White "Lehner, Oliver"]
[Black "Roeder, Mathias"]
[Result "0-1"]
[WhiteElo "2260"]
[BlackElo "2460"]

1.d4 Nf6 2.c4 g6 3.Nc3 Bg7 4.e4 d6 5.Nf3 O-O 6.Be2 e5 7.Be3 Qe7 8.d5 Ne8
9.Nd2 f5 10.f3 Bh6 11.Nf1 Bxe3 12.Nxe3 Qg5 13.Qd2 f4 14.Ng4 Bxg4 15.h4 Qe7
16.fxg4 h6 17.O-O-O a5 18.Rdf1 Kg7 19.g3 fxg3 20.Rxf8 Qxf8 21.Rf1 Qe7 22.g5 hxg5
23.hxg5 Nd7 24.Qe3 g2 25.Rg1 c6 26.Rxg2 Nc7 27.Rh2 Rh8 28.Rxh8 Kxh8 29.Nd1 Nc5
30.Nf2 Kg7 31.Qg3 Qf8 32.Kd2 Qxf2  0-1

[Event "Velden op"]
[Site "Velden"]
[Date "1995.??.??"]
[Round "3"]
[White "Zoler, Dan"]
[Black "Frosch, Erich"]
[Result "1-0"]
[WhiteElo "2415"]
[BlackElo "2265"]

1.d4 Nf6 2.c4 g6 3.Nc3 Bg7 4.e4 d6 5.Nf3 O-O 6.Be2 e5 7.Be3 Nc6 8.d5 Ne7
9.Nd2 Ne8 10.c5 f5 11.f3 f4 12.Bf2 g5 13.Nc4 Ng6 14.b4 Kh8 15.a4 Rg8 16.g4 Bf8
17.Qb3 Qf6 18.O-O-O Be7 19.Rd2 Qf8 20.cxd6 cxd6 21.Kb1 Bd8 22.Rc2 Rg7 23.Nb5 b6
24.Rhc1 Bd7 25.Nba3 Rf7 26.Rc3 Qh6 27.Bg1 Nh4 28.b5 Qf8 29.Nc2 h5 30.h3 hxg4
31.hxg4 Rh7 32.Nb4 Nf6 33.Nc6 Bxg4 34.fxg4 Nxe4 35.Rh3 Rh6 36.Bd3 Nf6 37.N4xe5 dxe5
38.Nxe5 Ne8 39.Bd4 Bf6 40.Rc6 Qg7 41.Qc3 Kg8 42.d6 Bxe5 43.Bxe5 Qd7 44.Bc4+ Kf8
45.Rd3 Ng6 46.Rc7 Nxe5 47.Rxd7 Nxd7 48.Rh3 Rxh3 49.Qxh3 Kg7 50.Qh5 Nxd6 51.Qxg5+ Kf8  1-0

[Event "Vienna op"]
[Site "Vienna"]
[Date "1995.??.??"]
[Round "3"]
[White "Savchenko, Stanislav"]
[Black "Drozdov, Igor"]
[Result "1-0"]
[WhiteElo "2590"]
[BlackElo "2450"]

1.d4 Nf6 2.c4 g6 3.Nc3 Bg7 4.e4 d6 5.Nf3 O-O 6.Be2 e5 7.O-O exd4 8.Nxd4 Re8
9.f3 c6 10.Kh1 Na6 11.Bg5 Qa5 12.Bf4 d5 13.cxd5 cxd5 14.Bb5 Rd8 15.e5 Nh5
16.Bg5 f6 17.exf6 Nxf6 18.Re1 Nc7 19.Ba4 Bd7 20.Bb3 Re8 21.Qd2 Kh8 22.Bh6 Qb6
23.Be3 Rac8 24.Rad1 Qa5 25.Qf2 Na8 26.Nde2 Nb6 27.Nf4 Nc4 28.Bd4 Rxe1+ 29.Rxe1 Qd8
30.Ncxd5 Bf5 31.Ne7  1-0

[Event "CUB-ch sf"]
[Site "Villa Clara"]
[Date "1995.??.??"]
[Round "1"]
[White "Leyva, Hector"]
[Black "Foyo, Rogelio"]
[Result "1/2-1/2"]
[WhiteElo "2405"]
[BlackElo "2270"]

1.d4 Nf6 2.c4 g6 3.Nc3 Bg7 4.e4 d6 5.Nf3 O-O 6.Be2 e5 7.d5 a5 8.Bg5 h6 9.Bh4 Na6
10.Nd2 Qe8 11.O-O Nh7 12.Kh1 h5 13.f3 Bh6 14.a3 Bd7 15.b3 Be3 16.Qc2 f5 17.exf5 gxf5
18.Rab1 Bc5 19.Qb2 Qg6 20.Bf2 Nf6 21.Bxc5 Nxc5 22.b4 axb4 23.axb4 Na4 24.Nxa4 Rxa4
25.c5 Qh6 26.f4 exf4 27.cxd6 cxd6 28.Qd4 Ne4 29.Bf3 Bb5 30.Rfe1 Qf6 31.Qxf6 Nxf6
32.h3 Ra2 33.Nb3 Bd3 34.Rbc1 Be4 35.Na5 Nxd5 36.Nxb7 Nxb4 37.Nxd6 Nd3 38.Ra1 Rfa8
39.Rxa2 Rxa2 40.Rf1 Nf2+ 41.Kg1 Bxf3 42.Rxf2 Rxf2 43.Kxf2 Be4 44.g3  1/2-1/2

[Event "Villalba op"]
[Site "Villalba"]
[Date "1995.??.??"]
[Round "4"]
[White "Pogorelov, Ruslan"]
[Black "Calvo, Jesus Maria"]
[Result "1-0"]
[WhiteElo "2445"]
[BlackElo "2295"]

1.Nf3 g6 2.c4 Bg7 3.d4 Nf6 4.Nc3 O-O 5.e4 d6 6.Be2 Nbd7 7.O-O e5 8.Qc2 c6
9.Rd1 Qe7 10.Rb1 a5 11.d5 Nc5 12.Be3 cxd5 13.Bxc5 dxc5 14.cxd5 Rd8 15.Nd2 Ne8
16.Na4 Bf8 17.Nb6 Rb8 18.Ndc4 Nd6 19.Nxd6 Qxd6 20.Nc4 Qc7 21.Qc3 f5 22.Bd3 Bd6
23.Nxd6 Qxd6 24.Qxa5 Rf8 25.b4 fxe4 26.Bxe4 b5 27.bxc5 Qxc5 28.Qd2 Rf4 29.Rbc1 Qa7
30.Re1 Bd7 31.d6 Qd4 32.Qxd4 exd4 33.Rcd1 Rf6 34.Rxd4 Rb6 35.Red1 Kf8 36.Bc2 Ke8
37.Bb3 Kd8 38.h4 Be6 39.Bxe6 Rxe6 40.d7 Ra6 41.R1d2 Ra4 42.g3 Rxd4 43.Rxd4 Ra6
44.Rd5 b4 45.Rd4 Rb6 46.Kg2 h5 47.Kf3 Rf6+ 48.Ke3 Re6+ 49.Kd3 Rf6 50.Rf4 Rb6
51.Rf7 Ra6 52.Kc4 Rxa2 53.Kxb4 Rc2 54.Kb3 Rc6 55.Rg7 Kc7 56.Kb4 Rf6 57.f4 Rc6
58.Kb5 Rc3 59.Rxg6 Kxd7 60.Kb4 Rf3 61.Kc4 Ke7 62.Kd4 Kf7 63.Ke4 Ra3 64.f5 Ra4+
65.Kf3 Rb4 66.Rh6 Ra4 67.Rxh5 Kf6 68.Rg5 Rb4 69.g4 Ke5 70.Rg8 Rb3+ 71.Ke2 Ke4
72.Re8+ Kf4 73.f6 Rb2+ 74.Kd3 Rb7 75.g5 Rd7+ 76.Kc4 Kf5 77.Rg8 Rh7 78.Kd5 Rd7+
79.Kc6 Ra7 80.h5  1-0

[Event "Villalba op"]
[Site "Villalba"]
[Date "1995.??.??"]
[Round "5"]
[White "Candela Perez, Jose"]
[Black "Lanka, Zigurds"]
[Result "0-1"]
[WhiteElo "2320"]
[BlackElo "2480"]

1.d4 Nf6 2.c4 g6 3.Nc3 Bg7 4.e4 d6 5.Nf3 O-O 6.Be2 e5 7.d5 Nbd7 8.Bg5 h6
9.Bh4 g5 10.Bg3 Nh5 11.h4 g4 12.Nd2 f5 13.exf5 Ndf6 14.Bd3 Nf4 15.Bxf4 exf4
16.O-O Nd7 17.Qxg4 Ne5 18.Qh3 Nxd3 19.Qxd3 Bxf5 20.Qf3 Qxh4 21.Rfe1 Kh8 22.Nce4 Rg8
23.Qd3 Bxb2 24.Rab1 Be5 25.Rxb7 f3 26.Nxf3 Rxg2+ 27.Kf1 Rxf2+  0-1

[Event "LTU-ch"]
[Site "Vilnius"]
[Date "1995.??.??"]
[Round "4"]
[White "Butnorius, Algimantas"]
[Black "Martinkus, Rolandas"]
[Result "1/2-1/2"]
[WhiteElo "2440"]
[BlackElo "2265"]

1.Nf3 Nf6 2.c4 g6 3.Nc3 Bg7 4.e4 d6 5.d4 O-O 6.Be2 Nbd7 7.O-O e5 8.Re1 h6
9.Bf1 Kh7 10.Rb1 a5 11.a3 exd4 12.Nxd4 Nc5 13.b4 axb4 14.axb4 Ng4 15.h3 Ne6
16.Ndb5 Ne5 17.Be3 g5 18.Nd5 Rg8 19.c5 Bd7 20.Nbc3 Bf8 21.cxd6 Bxd6 22.Nb6 g4
23.Nxd7 Nxd7 24.hxg4 Qh4 25.g3 Bxg3 26.fxg3 Qxg3+ 27.Bg2 Ne5 28.Nd5 Ra2 29.Re2 Nf3+
30.Kf1 Nh2+ 31.Kg1 Nf3+  1/2-1/2

[Event "Vladivostok op"]
[Site "Vladivostok"]
[Date "1995.??.??"]
[Round "3"]
[White "Budnikov, Alexandar"]
[Black "Saltaev, Mihail"]
[Result "1/2-1/2"]
[WhiteElo "2535"]
[BlackElo "2495"]

1.d4 Nf6 2.c4 d6 3.Nc3 Nbd7 4.e4 e5 5.Nf3 g6 6.Be2 Bg7 7.O-O O-O 8.Be3 Ng4
9.Bg5 f6 10.Bd2 Nh6 11.dxe5 dxe5 12.b4 c6 13.c5 Qe7 14.Be3 Nf7 15.Qb3 Re8
16.Nd2 Nf8 17.Nc4  1/2-1/2

[Event "Vlissingen op"]
[Site "Vlissingen"]
[Date "1995.??.??"]
[Round "3"]
[White "Goormachtigh, Johan"]
[Black "Demirel, Tolga"]
[Result "1-0"]
[WhiteElo "2305"]
[BlackElo "2185"]

1.d4 Nf6 2.c4 g6 3.Nc3 Bg7 4.e4 d6 5.Be2 O-O 6.Nf3 Na6 7.O-O e5 8.Be3 Qe8
9.dxe5 dxe5 10.a3 Nd7 11.b4 f5 12.c5 f4 13.Bc1 c6 14.Bb2 Rf6 15.Qb3+ Kh8
16.Rad1 Nc7 17.Nb1 g5 18.Nxg5 h6 19.Nf3 Rg6 20.Bc4 Qe7 21.Rd3 b6 22.Rfd1 bxc5
23.Bf7 Rf6 24.Bh5 Rf8 25.Rd6 Nd5 26.Rxc6 N5f6 27.Bg6 cxb4 28.Re6 Nc5 29.Rxe7 Nxb3
30.Bxe5 bxa3 31.Nxa3 Ba6 32.Rdd7 Rad8 33.Rxg7 Rxd7 34.Rxd7 Nc5 35.Rxa7 Kg8
36.h3 Nfd7 37.Bd4 Rb8 38.Bf5 Rb3 39.Bxd7 Nxd7 40.Rxd7 Rxa3 41.Rg7+ Kf8 42.Rg6 Ra4
43.Rxh6 Bd3 44.Bc5+ Kf7 45.Ne5+ Kg7 46.Rh5  1-0

[Event "AUT-chT9596"]
[Site "Vorarlberg"]
[Date "1995.??.??"]
[Round "7"]
[White "Gehrer, Marco"]
[Black "Juen, Leopold"]
[Result "0-1"]
[WhiteElo "1725"]
[BlackElo "1905"]

1.d4 Nf6 2.c4 g6 3.Nc3 Bg7 4.e4 O-O 5.Nf3 d6 6.Be2 e5 7.d5 Nh5 8.O-O Nf4
9.Bxf4 exf4 10.Qc2 Nd7 11.Rae1 a6 12.Nb1 Qf6 13.b3 g5 14.h3 h5 15.Nh2 Qh6
16.Rd1 Ne5 17.f3 Kh7 18.Qd2 Rh8 19.Na3 Kg8 20.Nc2 Ng6 21.Nd4 Ne7 22.Qa5 b6
23.Qa4 Kf8 24.Nb5 Bd7 25.Qa3 g4 26.fxg4 hxg4 27.Bxg4 f5 28.exf5 Nxf5 29.Rd3 Re8
30.Nxc7 Re3 31.Rxe3 Bd4 32.Rf3 Bxe3+ 33.Kf1 Qf6 34.Bxf5 Bxf5 35.Ne6+ Ke7
36.Ke2 Qc3 37.Rxe3 fxe3 38.Nf3 Bd3+ 39.Kxe3 Bxc4+ 40.Kf2 Bxd5 41.Ned4 Rf8
42.Ne2 Qd3 43.Ng1 Qd2+ 44.Kf1 Be4  0-1

[Event "SLO-ch"]
[Site "Vrhnika"]
[Date "1995.??.??"]
[Round "?"]
[White "Jelen, Igor"]
[Black "Tratar, Marko"]
[Result "0-1"]
[WhiteElo "2400"]
[BlackElo "2405"]

1.d4 Nf6 2.c4 g6 3.Nc3 Bg7 4.e4 d6 5.Nf3 O-O 6.Be2 e5 7.O-O Na6 8.Re1 c6
9.Bf1 Bg4 10.d5 Nb4 11.Be2 a5 12.Bg5 h6 13.Be3 c5 14.Qd2 Kh7 15.a3 Na6 16.g3 Bd7
17.Qd1 Ng8 18.Nh4 h5 19.Ng2 Bh3 20.Qd2 Qe7 21.f3 Rae8 22.Nd1 Qd8 23.Nf2 Bd7
24.f4 exf4 25.gxf4 f5 26.Bd3 Nh6 27.Nh3 fxe4 28.Ng5+ Kg8 29.Bxe4 Nf5 30.Bf2 b6
31.Kh1 Nc7 32.Rab1 a4 33.b4 axb3 34.Rxb3 b5 35.Qd3 bxc4 36.Qxc4 Bf6 37.Bxf5 Rxe1+
38.Bxe1 Bxf5 39.Ne6 Nxe6 40.dxe6 Qe7 41.Rb6 Rd8 42.Bh4 Bxe6 43.Qe4 Kf7  0-1

[Event "POL-ch (Women)"]
[Site "Warsaw"]
[Date "1995.??.??"]
[Round "1"]
[White "Henc, Renata"]
[Black "Bobrowska, Monika"]
[Result "0-1"]
[WhiteElo "2160"]
[BlackElo "2310"]

1.d4 d6 2.Nf3 g6 3.c4 Nf6 4.Nc3 Bg7 5.e4 O-O 6.Be2 e5 7.d5 a5 8.Bg5 h6 9.Bh4 Na6
10.Nd2 h5 11.Bg5 Qe8 12.O-O Nh7 13.Be3 Qe7 14.a3 Bd7 15.Rb1 b6 16.Kh1 h4
17.Nb5 f5 18.exf5 Bxf5 19.Rc1 Bf6 20.Bg4 Rf7 21.Bxf5 gxf5 22.f4 e4 23.Rc2 Nc5
24.Bd4 Re8 25.Qe2 Qd7 26.Qe3 Bxd4 27.Nxd4 Nf6 28.N2b3 Ng4 29.Qh3 e3 30.Qxh4 Nxb3
31.Nxb3 Nxh2 32.Qg5+ Rg7 33.Qh5 Nxf1 34.Qf3 e2  0-1

[Event "POL-ch (Women)"]
[Site "Warsaw"]
[Date "1995.??.??"]
[Round "6"]
[White "Guzkowska, Magdalena"]
[Black "Radziewicz, Iweta"]
[Result "1-0"]
[WhiteElo "2155"]
[BlackElo "2160"]

1.d4 Nf6 2.c4 g6 3.Nc3 Bg7 4.e4 d6 5.Nf3 O-O 6.Be2 e5 7.d5 h6 8.h3 a5 9.Be3 Na6
10.a3 Nc5 11.Nd2 Ne8 12.b4 axb4 13.axb4 Rxa1 14.Qxa1 Nd7 15.O-O f5 16.f3 f4
17.Bf2 Bf6 18.c5 Bh4 19.c6 Bxf2+ 20.Rxf2 Ndf6 21.Qa8 bxc6 22.Ba6 Ng7 23.Qxc8 Qxc8
24.Bxc8 Rxc8 25.dxc6 Kf7 26.Nc4 Ne6 27.Ra2 Nd4 28.b5 Ke6 29.Ra7 g5 30.Nb2 h5
31.Nd3 g4 32.hxg4 hxg4 33.fxg4 Nxg4 34.Nb4 Ne3 35.Nbd5 Nxd5 36.Nxd5 Nxb5
37.Rb7 Nd4 38.Nxc7+ Rxc7 39.Rxc7 d5 40.Rh7 Nxc6 41.Rh6+ Kd7 42.exd5 Ne7 43.Re6 Nxd5
44.Rxe5 Kd6 45.Re4 Nc3 46.Rc4 Ne2+ 47.Kf2 Kd5 48.Kxe2 f3+ 49.Kxf3 Kxc4 50.Ke4  1-0

[Event "POL-ch (Women)"]
[Site "Warsaw"]
[Date "1995.??.??"]
[Round "9"]
[White "Bobrowska, Monika"]
[Black "Brustman, Agnieszka"]
[Result "1-0"]
[WhiteElo "2310"]
[BlackElo "2290"]

1.d4 Nf6 2.c4 g6 3.Nc3 Bg7 4.e4 d6 5.Nf3 O-O 6.Be2 e5 7.d5 a5 8.Bg5 h6 9.Bh4 Na6
10.Nd2 Qe8 11.a3 Bd7 12.b3 Nh7 13.O-O h5 14.f3 Bh6 15.Rb1 Be3+ 16.Kh1 Bc5
17.Qc1 f6 18.Na2 g5 19.Bf2 g4 20.b4 Bxf2 21.Rxf2 axb4 22.axb4 Qg6 23.fxg4 hxg4
24.Rb3 Rf7 25.c5 Nxc5 26.bxc5 Rxa2 27.c6 bxc6 28.Bc4 Nf8 29.Rb8 Rxd2 30.dxc6 Be6
31.Rxd2 Bxc4 32.Qxc4 Qh6 33.Rd3 Kg7 34.Rg3 Qf4 35.Rb1 Ng6 36.Rf1 Qg5 37.Qe6 Rf8
38.Rxg4 Qh6 39.h4 Rf7 40.Qf5  1-0

[Event "POL-ch (Women)"]
[Site "Warsaw"]
[Date "1995.??.??"]
[Round "10"]
[White "Henc, Renata"]
[Black "Radziewicz, Iweta"]
[Result "0-1"]
[WhiteElo "2160"]
[BlackElo "2160"]

1.d4 Nf6 2.Nf3 g6 3.c4 Bg7 4.Nc3 O-O 5.e4 d6 6.Be2 e5 7.d5 a5 8.h3 Na6 9.Bg5 h6
10.Be3 Bd7 11.Nd2 Nh7 12.a3 f5 13.f3 Nf6 14.Rb1 Nc5 15.b4 axb4 16.axb4 Na4
17.Nxa4 Bxa4 18.Qc1 fxe4 19.fxe4 Nxd5 20.Nf3 Nxe3 21.Qxe3 Bd7 22.c5 Be6 23.cxd6 Qxd6
24.O-O Ra4 25.Rfd1 Qe7 26.Qc3 Kh7 27.Bb5 Ra2 28.Rdc1 Qf7 29.Rf1 Qf4 30.Bc4 Bxc4
31.Qxc4 Qe3+ 32.Kh1 Qe2 33.Qxe2 Rxe2 34.Rfc1 Rf7 35.Rc4 b5 36.Rc5 Rxe4 37.Rxb5 Re2
38.Rc1 e4 39.Ne5 Re7 40.Nc6 Re8 41.Na7 Be5 42.Rd5 e3 43.Rd7+ Kg8 44.Nc6 Bd6
45.Nd4 Rd2 46.Nf3 e2 47.Re1 Rd1 48.Kg1 Rxe1+ 49.Nxe1 Bg3  0-1

[Event "POL-ch (Women)"]
[Site "Warsaw"]
[Date "1995.??.??"]
[Round "13"]
[White "Bobrowska, Monika"]
[Black "Dworakowska, Joanna"]
[Result "0-1"]
[WhiteElo "2310"]
[BlackElo "2225"]

1.d4 Nf6 2.c4 g6 3.Nc3 Bg7 4.e4 d6 5.Nf3 O-O 6.Be2 e5 7.d5 a5 8.Bg5 h6 9.Bh4 Na6
10.Nd2 Qe8 11.a3 Bd7 12.b3 Nh7 13.O-O h5 14.f3 Bh6 15.Nb5 Kh8 16.Kh1 Rg8
17.b4 f5 18.exf5 gxf5 19.f4 Qg6 20.g3 Bxf4 21.Bxh5 Qg7 22.Qe2 Bg5 23.Bxg5 Qxg5
24.Bf7 Rgf8 25.Be6 Bxe6 26.dxe6 Qe7 27.Nc3 Qxe6 28.b5 Nc5 29.Nd5 Rf7 30.g4 fxg4
31.Rxf7 Qxf7 32.Rf1 Qg7 33.Ne4 Nxe4 34.Qxe4 Rg8 35.Rf5 Qh6 36.Ne3 g3 37.h4 Nf6
38.Qf3 Qxh4+ 39.Kg2 Qh2+ 40.Kf1 g2+ 41.Nxg2 Qh1+ 42.Kf2 e4  0-1

[Event "POL-ch"]
[Site "Warsaw"]
[Date "1995.??.??"]
[Round "13"]
[White "Schmidt, Wlodzimierz"]
[Black "Jaracz, Pawel"]
[Result "1-0"]
[WhiteElo "2475"]
[BlackElo "2410"]

1.Nf3 d6 2.d4 g6 3.c4 Bg7 4.Nc3 Nf6 5.e4 O-O 6.Be2 e5 7.O-O exd4 8.Nxd4 Re8
9.f3 Nh5 10.f4 c5 11.Nb3 Nf6 12.e5 dxe5 13.Qxd8 Rxd8 14.fxe5 Nfd7 15.Bg5 Re8
16.Nd5 Bxe5 17.Ne7+ Kg7 18.Bf3 Nf8 19.Nxc8 Nc6 20.Bxc6 bxc6 21.Rae1 Nd7 22.Rd1  1-0

[Event "Wattens op"]
[Site "Wattens"]
[Date "1995.??.??"]
[Round "?"]
[White "Burger, Anton"]
[Black "Degeneve, Wolfgang"]
[Result "0-1"]
[WhiteElo "1730"]
[BlackElo "2025"]

1.d4 Nf6 2.c4 g6 3.Nc3 Bg7 4.e4 O-O 5.Nf3 d6 6.Be2 e5 7.dxe5 dxe5 8.Qxd8 Rxd8
9.Bg5 c6 10.O-O Nbd7 11.Rfd1 Re8 12.b4 Nf8 13.h3 Ne6 14.Bxf6 Bxf6 15.g3 Nd4
16.Kg2 Be6 17.Nd2 Nxe2 18.Nxe2 Red8 19.c5 Rd3 20.Nc1 Rd4 21.Rb1 Rad8 22.Rb2 Bg5
23.f4 exf4 24.Ncb3 Bxb3 25.axb3 fxg3  0-1

[Event "Wattens op"]
[Site "Wattens"]
[Date "1995.??.??"]
[Round "?"]
[White "Ampferer, Michael"]
[Black "Heubusch, Michael"]
[Result "0-1"]
[WhiteElo "1865"]
[BlackElo "2150"]

1.d4 Nf6 2.Nf3 g6 3.c4 Bg7 4.Nc3 O-O 5.e4 d6 6.Be2 e5 7.dxe5 dxe5 8.Bg5 c6
9.Qxd8 Rxd8 10.O-O h6 11.Bh4 Nbd7 12.Rad1 Re8 13.b4 a5 14.b5 Bf8 15.Bxf6 Nxf6
16.Nd2 Bb4 17.Ndb1 Be6 18.f3 Rac8 19.a3 Bc5+ 20.Kh1 g5 21.Na4 Bd4 22.bxc6 bxc6
23.Nd2 Rb8 24.Rb1 Nd7 25.Nb3 Be3 26.Na1 Red8 27.Nc2 Ba7 28.h3 Nc5 29.Nxc5 Bxc5
30.Rbd1 Rxd1 31.Rxd1 Rb2 32.Rd2 Kg7 33.a4 Bb4  0-1

[Event "Wattens op"]
[Site "Wattens"]
[Date "1995.??.??"]
[Round "?"]
[White "Moser, Max"]
[Black "Kornthaler, Reinhard"]
[Result "1/2-1/2"]
[WhiteElo "1625"]
[BlackElo "1825"]

1.d4 Nf6 2.c4 g6 3.Nc3 Bg7 4.e4 d6 5.Nf3 O-O 6.Be2 e5 7.dxe5 dxe5 8.Qxd8 Rxd8
9.O-O c6 10.Bg5 Nbd7 11.Rad1 h6 12.Bxf6 Bxf6 13.Rd2 Re8 14.Rfd1 Nc5 15.h3 Ne6
16.Kh2 Nd4 17.b3 Bg7 18.c5 f5 19.Bc4+ Kh7 20.exf5 Nxf3+ 21.gxf3 Bxf5 22.Ne4 b5
23.cxb6 axb6 24.Nd6 Rf8 25.Nxf5 Rxf5 26.Rd8 Rf8 27.Rxf8 Rxf8 28.Kg2 Rf6 29.a4 h5
30.Rd7 Kh6 31.Rb7 c5 32.Rd7 Bh8 33.Rd8 Bg7 34.Rd7 Bf8 35.Rd5 Bd6 36.Rd3 Kg5
37.Rd5 Kf4 38.Bd3 g5 39.Be2 Rg6 40.Bd3 Rh6 41.Bc2 g4 42.fxg4 hxg4 43.hxg4 Kxg4
44.f3+ Kg5 45.Be4 Kf4 46.Rd3 Rf6 47.Rc3 Re6 48.Bd5 Rg6+ 49.Kf2 Rh6 50.Rc4+ Kf5
51.Be4+ Kf6 52.Kg2 Rh8 53.Rc1 Rg8+ 54.Kf2 Rh8 55.Rg1 Rh6 56.Rg2 Be7 57.Ke2  1/2-1/2

[Event "Werfen op"]
[Site "Werfen"]
[Date "1995.??.??"]
[Round "2"]
[White "Timoshchenko, Gennadi A"]
[Black "Neumeier, Klaus"]
[Result "1-0"]
[WhiteElo "2535"]
[BlackElo "2290"]

1.d4 Nf6 2.c4 g6 3.Nc3 Bg7 4.e4 d6 5.Nf3 O-O 6.Be2 e5 7.Be3 Ng4 8.Bg5 f6
9.Bh4 Nc6 10.d5 Ne7 11.Nd2 Nh6 12.f3 g5 13.Bf2 f5 14.h3 Ng6 15.g4 fxg4 16.hxg4 Nh4
17.Rh2 c5 18.Be3 a6 19.Nf1 Rb8 20.Ng3 b5 21.Nf5 b4 22.Nb1 N6xf5 23.gxf5 Bf6
24.Nd2 Rf7 25.Nf1 h5 26.Ng3 Rh7 27.Qd2 Rbb7 28.O-O-O Rbg7 29.Rg1 Bd7 30.Nh1 Kf7
31.Nf2 Rh8 32.Rh3 Rhg8 33.Rhg3 Ke8 34.Nh3 Bxf5 35.exf5 Nxf5 36.R3g2 Nxe3
37.Qxe3 e4 38.Qxe4+ Re7 39.Qf5 Bd4 40.Rd1 Qa5 41.Kb1 b3 42.axb3 g4 43.Ng5 Be3
44.Ne4 Bd4 45.Nxd6+ Kd8 46.Qc8+  1-0

[Event "Werfen op"]
[Site "Werfen"]
[Date "1995.??.??"]
[Round "5"]
[White "Zoler, Dan"]
[Black "Hertel, Peter"]
[Result "1/2-1/2"]
[WhiteElo "2415"]
[BlackElo "2315"]

1.d4 Nf6 2.c4 g6 3.Nc3 Bg7 4.e4 d6 5.Nf3 O-O 6.Be2 e5 7.Be3 Ng4 8.Bg5 f6
9.Bh4 Nc6 10.d5 Ne7 11.Nd2 Nh6 12.f3 Kh8 13.g4 Nf7 14.Qc2 c6 15.O-O-O a6
16.Kb1 cxd5 17.cxd5 Bd7 18.Rc1 Nc8 19.Qb3 b5 20.Rc2 Nb6 21.a3 Qb8 22.Na2 Na4
23.Rhc1 Nc5 24.Qe3 Kg8 25.b4 Bh6 26.Qc3 Na4 27.Qd3 Nb6 28.Qb3 Kg7 29.Bf2 a5
30.Nc3 Nc4 31.Bxc4 bxc4 32.Qxc4 Rc8 33.Qb3 axb4 34.axb4 Qb7 35.Rb2 Qa6 36.b5 Bxb5
37.Ra2 Bd3+ 38.Kb2 Bxd2 39.Rxa6 Bxc1+ 40.Kxc1 Rxa6 41.Kd2 Bc4 42.Qb7 Raa8
43.Ba7 Bb3 44.h4 Kg8 45.Kd3 Bc4+ 46.Kd2 Bb3 47.Kd3 Bc4+ 48.Kd2  1/2-1/2

[Event "Werfen op"]
[Site "Werfen"]
[Date "1995.??.??"]
[Round "5"]
[White "Hertneck, Gerald"]
[Black "Kraschl, Joerg"]
[Result "1-0"]
[WhiteElo "2570"]
[BlackElo "2320"]

1.d4 Nf6 2.c4 g6 3.Nc3 Bg7 4.e4 d6 5.Nf3 O-O 6.Be2 e5 7.Be3 c6 8.O-O exd4
9.Bxd4 Re8 10.Qc2 Qe7 11.Rfe1 c5 12.Nd5 Nxd5 13.Bxg7 Kxg7 14.exd5 Qf6 15.Bd3 Bd7
16.Nd2 Na6 17.a3 Rxe1+ 18.Rxe1 Re8 19.Rxe8 Bxe8 20.Ne4 Qe7 21.Qc3+ f6 22.g4 Nb8
23.g5 Nd7 24.Bc2 Kf7 25.Qg3 fxg5 26.Qxd6 Ne5 27.b3 b5 28.Qxe7+ Kxe7 29.cxb5 Nf3+
30.Kh1 Nd4 31.Bd1 Nxb5 32.a4 Nd4 33.Nxg5 Kd6 34.Ne4+ Ke5 35.Nxc5 Kxd5 36.Nd3 Bf7
37.Kg2 a5 38.Kg3 Kd6 39.b4 axb4 40.Nxb4 Kc5 41.Nd3+ Kd6 42.Kf4 Bc4 43.Nb2 Ne6+
44.Ke3 Ba6 45.Bb3 Nc5 46.Bg8 h6 47.Kd4 g5 48.Bc4 Bb7 49.a5 Ba8 50.Nd3 Ne4
51.a6 Nf6 52.Ne5 h5 53.Nf7+ Ke7 54.Nxg5 Ng4 55.Be2 Nxf2 56.Bxh5 Kd6 57.Ke3  1-0